| 000 | 00672nam a2200205 i 4500 | ||
|---|---|---|---|
| 001 | 141157 | ||
| 003 | ES-MaACL | ||
| 005 | 20230906200232.0 | ||
| 007 | t| | ||
| 008 | 070919s1940 sp ||||1| spa d | ||
| 100 | 1 |
_aVitoria, Francisco de. _9115517 |
|
| 245 | 1 | 0 |
_aSentencias de doctrina internacional / _cFrancisco de Vitoria ; selección y prólogo del P. Luis Getino. |
| 260 |
_a[Barcelona : _bSopena], _c1940. |
||
| 300 |
_a159 p. ; _c17 cm. |
||
| 490 | 1 | _aBreviarios del pensamiento español | |
| 700 | 1 |
_aAlonso Getino, Luis G. _920331 |
|
| 830 | 0 |
_aBreviarios del pensamiento español _9180739 |
|
| 852 |
_aES-MaACL _jA-5352 _bR.18458 |
||
| 999 |
_c141157 _d141157 |
||